[Event "Jiraskuv memorial B"]
[Site "Rakovnik"]
[Date "2011.08.11"]
[Round "7"]
[White "Jesensky, Jaromir"]
[Black "Arvanitakis, Panagiotis"]
[Result "0-1"]
[WhiteElo "1553"]
[BlackElo "1497"]
[PlyCount "62"]
[EventDate "2011.08.??"]
[EventType "swiss"]
[EventRounds "9"]
[EventCountry "CZE"]
[TimeControl "40/7200:20/3600:1800"]

{Bily se nedostavil.} 1. e4 c6 2. d4 a6 3. Bd3 b5 4. Nf3 d5 5. e5 g6 6. O-O Bg7
7. Re1 e6 8. a4 Bb7 9. Nbd2 Ne7 10. Nb3 Nd7 11. Bd2 O-O 12. Na5 Rb8 13. Nxb7
Rxb7 14. axb5 axb5 15. Bg5 Re8 16. Qd2 c5 17. Ra5 cxd4 18. Rxb5 Rc7 19. Rb4 Qc8
20. Bxe7 Rxe7 21. Rxd4 Nc5 22. b4 Nxd3 23. Qxd3 Rxc2 24. Qb3 Rb7 25. b5 Qc5 26.
Rd2 Rxd2 27. Nxd2 Rxb5 28. Qd3 Qb6 29. Kh1 Rb2 30. f4 Bf8 31. Rb1 Rxd2 0-1

[Event "Jiraskuv memorial B"]
[Site "Rakovnik"]
[Date "2011.08.11"]
[Round "7"]
[White "Hajsman, Martin"]
[Black "Pokorny, Tomas"]
[Result "1/2-1/2"]
[WhiteElo "1699"]
[BlackElo "1703"]
[PlyCount "57"]
[EventDate "2011.08.??"]
[EventType "swiss"]
[EventRounds "9"]
[EventCountry "CZE"]
[TimeControl "40/7200:20/3600:1800"]

{Bily se nedostavil.} 1. c4 e5 2. Nc3 Nf6 3. g3 d6 4. Bg2 c6 5. d3 Be6 6. Nf3
Be7 7. O-O O-O 8. Bd2 h6 9. b4 a6 10. Qc2 Nbd7 11. Rfb1 Rc8 12. b5 axb5 13.
cxb5 c5 14. a4 b6 15. a5 bxa5 16. Qa4 Rb8 17. Qxa5 Nb6 18. Na4 Nfd5 19. Nxb6
Nxb6 20. Qc3 Bf6 21. e4 Qd7 22. Qc2 Ra8 23. Ba5 Qb7 24. Nd2 Bd8 25. Bxb6 Bxb6
26. Nc4 Bxc4 27. dxc4 Ra7 28. Qb2 Rfa8 29. Rxa7 1/2-1/2

[Event "Jiraskuv memorial B"]
[Site "Rakovnik"]
[Date "2011.08.11"]
[Round "7"]
[White "Hajsman, Ladislav"]
[Black "Hejda, Vaclav"]
[Result "1-0"]
[WhiteElo "1831"]
[BlackElo "1825"]
[PlyCount "103"]
[EventDate "2011.08.??"]
[EventType "swiss"]
[EventRounds "9"]
[EventCountry "CZE"]
[TimeControl "180"]

{24MB, Fritz8.ctg, sach1} 1. d4 d5 2. c4 dxc4 3. Nf3 e6 4. e3 Nf6 5. Nc3 Be7 6.
Bxc4 c6 7. O-O O-O 8. Qc2 Nbd7 9. a3 Nd5 10. Ne4 N7f6 11. Ng3 g6 12. e4 Nb6 13.
Ba2 Ne8 14. Bh6 Ng7 15. Rad1 Bd6 16. e5 Be7 17. Ne4 Nd5 18. Bb1 f5 19. exf6
Bxf6 20. Ne5 Bxe5 21. dxe5 Rf5 22. Nf6+ Kh8 23. Qe2 Rxe5 24. Qxe5 Qxf6 25. Qxf6
Nxf6 26. Rd8+ Nge8 27. Re1 Kg8 28. Bg5 Kf7 29. Bxf6 Nxf6 30. Ba2 Ke7 31. Rh8
Nd5 32. Bxd5 cxd5 33. Rc1 Kd7 34. Rxh7+ Kd6 35. Rh8 Kd7 36. Rg8 b6 37. Rxg6 Ba6
38. h4 Bc4 39. Rg7+ Kd6 40. f4 a5 41. Kf2 a4 42. Ke3 Rf8 43. h5 b5 44. h6 Rh8
45. Rh1 Kc5 46. Rh5 Kd6 47. Kd4 Be2 48. Rh4 Bd1 49. g4 Bc2 50. g5 e5+ 51. fxe5+
Ke6 52. h7 1-0

[Event "Jiraskuv memorial B"]
[Site "Rakovnik"]
[Date "2011.08.11"]
[Round "7"]
[White "Zika, Vaclav"]
[Black "Cernouskova, Alena"]
[Result "1/2-1/2"]
[WhiteElo "1748"]
[BlackElo "1702"]
[PlyCount "139"]
[EventDate "2011.08.??"]
[EventType "swiss"]
[EventRounds "9"]
[EventCountry "CZE"]
[TimeControl "180"]

{24MB, Fritz8.ctg, sach1} 1. d4 d5 2. c4 e5 3. dxe5 d4 4. Nf3 Nc6 5. a3 a5 6.
Bf4 h6 7. h3 g5 8. Bg3 Nge7 9. e4 Ng6 10. Nbd2 Bg7 11. Nb3 Ngxe5 12. Nxe5 Nxe5
13. Bxe5 Bxe5 14. Be2 d3 15. Qxd3 Qxd3 16. Bxd3 Bxb2 17. Ra2 Bc3+ 18. Ke2 b6
19. Rc2 Be5 20. c5 Be6 21. Nd2 Bd4 22. cxb6 Bxb6 23. Bc4 Bd7 24. Bd5 Rd8 25.
Bc6 Ke7 26. Bxd7 Rxd7 27. Rhc1 Rd4 28. Rc4 Rhd8 29. Rxd4 Rxd4 30. Rc4 Kd6 31.
Rxd4+ Bxd4 32. Nc4+ Kc5 33. Nxa5 Kb5 34. Nb3 Bb2 35. Kd3 Bxa3 36. Nd4+ Kc5 37.
g4 Kb6 38. Nf5 Bf8 39. Kc4 Kc6 40. e5 Kd7 41. Kd5 c5 42. Ng3 Kc7 43. Ne4 Kd7
44. Nxc5+ Ke7 45. e6 Bg7 46. exf7 Kxf7 47. Ne4 Kg6 48. Ng3 Bc3 49. Ke6 Bd4 50.
Ne4 Bb6 51. f3 Be3 52. Nf6 Bd4 53. Nd7 h5 54. Ne5+ Kh6 55. Kf5 hxg4 56. hxg4
Kg7 57. Nd7 Be3 58. Nf6 Bc1 59. Ne4 Kh6 60. Kf6 Bf4 61. Kf5 Bc1 62. Nd6 Kg7 63.
Ne8+ Kh6 64. Kf6 Bb2+ 65. Kf7 Be5 66. Nf6 Bb2 67. Nh5 Bc3 68. Ng3 Bb2 69. Nf5+
Kh7 70. Nd6 1/2-1/2

[Event "Jiraskuv memorial B"]
[Site "Rakovnik"]
[Date "2011.08.11"]
[Round "7"]
[White "Veselsky, Jan"]
[Black "Zak, Jiri"]
[Result "0-1"]
[WhiteElo "1650"]
[BlackElo "1627"]
[PlyCount "150"]
[EventDate "2011.08.??"]
[EventType "swiss"]
[EventRounds "9"]
[EventCountry "CZE"]
[TimeControl "180"]

{24MB, Fritz8.ctg, sach1} 1. d4 {[%emt 0:00:00]} d5 {[%emt 0:00:00]} 2. c4 c6
3. Nf3 Nf6 4. Nc3 g6 5. e3 e6 6. Bd3 Bg7 7. O-O O-O 8. b3 Qc7 9. Bb2 Nbd7 10.
Rc1 a6 11. Re1 Rb8 12. Qc2 Re8 13. e4 dxe4 14. Nxe4 b6 15. Qb1 Bb7 16. d5 exd5
17. Nxf6+ Bxf6 18. cxd5 c5 19. b4 Bxb2 20. Qxb2 Bxd5 21. Nd2 Qb7 22. Bf1 cxb4
23. Qxb4 Bxa2 24. Qa4 Rxe1 25. Rxe1 Qd5 26. Rd1 Nc5 27. Qc2 Rd8 28. Be2 Qe6 29.
Bf3 Bb3 30. Nxb3 Rxd1+ 31. Qxd1 Qxb3 32. Qd8+ Kg7 33. Qd4+ f6 34. h3 Qd3 35.
Qf4 Qd8 36. Qb4 a5 37. Qc4 Qd6 38. Qb5 a4 39. Qb2 Kf8 40. Be2 Ke7 41. Bb5 Qd1+
42. Kh2 Qb3 43. Qd2 Qe6 44. Qc2 a3 45. g3 Qe5 46. Qd2 Qe6 47. Qb4 Qb3 48. Qe1+
Ne6 49. Qe2 Qb2 50. Qd3 Qxf2+ 51. Kh1 Qd4 52. Qxa3+ Qc5 53. Qd3 Qd4 54. Qa3+
Qc5 55. Qd3 Qd6 56. Qe3 Kd8 57. Qf3 Nc7 58. Bc4 b5 59. Bb3 Kd7 60. Qg4+ f5 61.
Qh4 h5 62. Qg5 Nd5 63. Qd2 Nf6 64. Qe3 Ne4 65. g4 hxg4 66. hxg4 Qc5 67. Qd3+
Kc7 68. Qf3 Nf2+ 69. Kg2 Nxg4 70. Qg3+ Ne5 71. Bf7 Kb6 72. Bb3 Qd4 73. Qe1 Qb2+
74. Kf1 Qxb3 75. Qxe5 Qc4+ 0-1

[Event "Jiraskuv memorial B"]
[Site "Rakovnik"]
[Date "2011.08.11"]
[Round "7"]
[White "Mleziva, Miloslav"]
[Black "Cizkovsky, Ota"]
[Result "0-1"]
[WhiteElo "1695"]
[BlackElo "1694"]
[PlyCount "140"]
[EventDate "2011.08.??"]
[EventType "swiss"]
[EventRounds "9"]
[EventCountry "CZE"]
[TimeControl "180"]

{24MB, Fritz8.ctg, sach1} 1. e4 c5 2. e5 d6 3. exd6 Qxd6 4. Nf3 Nc6 5. Be2 Nf6
6. O-O e6 7. Nc3 Be7 8. Nb5 Qd8 9. Nc3 O-O 10. b3 b6 11. Bb2 Bb7 12. d3 Qd7 13.
Qd2 Rfd8 14. Rad1 Nd4 15. Ne5 Qc7 16. f4 Bd6 17. Rde1 Bxe5 18. fxe5 Qxe5 19.
Bd1 Qd6 20. Qg5 h6 21. Qh4 Nf5 22. Qh3 Qd4+ 23. Kh1 Qh4 24. Qxh4 Nxh4 25. Rf2
Bc6 26. h3 Nd5 27. Nxd5 Rxd5 28. Kh2 Rf5 29. Rfe2 Rd8 30. Be5 Ng6 31. Bg3 h5
32. h4 Ne7 33. c4 Kh7 34. Bc2 Rd4 35. Kh3 Ng6 36. Rf2 Kg8 37. Rxf5 exf5 38. Rf1
f4 39. Bf2 Rd6 40. g3 f3 41. Re1 Nf8 42. Kh2 Re6 43. Rxe6 Nxe6 44. Kg1 f6 45.
Kf1 g5 46. hxg5 fxg5 47. Ke1 Kf7 48. Be3 g4 49. Kf2 Kf6 50. b4 Nd4 51. Bd1 Nf5
52. Bf4 Ne7 53. bxc5 b5 54. Bb3 Ng6 55. Bc7 Ne5 56. Bc2 bxc4 57. dxc4 Nxc4 58.
a4 Nd2 59. Ke3 Ne4 60. Bxe4 Bxe4 61. a5 a6 62. Bd6 Kf5 63. Bb8 Bc6 64. Bd6 Ke6
65. Bf8 Kd5 66. Bg7 Kc4 67. Bd4 h4 68. gxh4 g3 69. Be5 f2 70. Ke2 Bg2 0-1

[Event "Jiraskuv memorial B"]
[Site "Rakovnik"]
[Date "2011.08.11"]
[Round "7"]
[White "Bauer, Ondrej"]
[Black "Pribyl, Viktor"]
[Result "1-0"]
[WhiteElo "1457"]
[BlackElo "1250"]
[PlyCount "47"]
[EventDate "2011.08.??"]
[EventType "swiss"]
[EventRounds "9"]
[EventCountry "CZE"]

{C50: Italská hra} 1. e4 {[%emt 0:00:00]} e5 2. Nf3 Nc6 3. Bc4 Be7 4. Nc3 Nf6
5. O-O O-O 6. d4 exd4 7. Nxd4 Nxd4 8. Qxd4 c5 9. Qd3 a6 10. a4 b6 11. Qg3 Kh8
12. Bd3 d5 13. e5 Nh5 14. Qf3 g6 15. Bh6 Rg8 16. Qxf7 c4 17. Be2 d4 18. Nd5 Bb7
19. Nxe7 Bd5 20. Nxd5 Rb8 21. Nf6 Nxf6 22. exf6 Rc8 23. Bg7+ Rxg7 24. Qxg7# 1-0

[Event "Jiraskuv memorial B"]
[Site "Rakovnik"]
[Date "2011.08.11"]
[Round "7"]
[White "Pribylova, Sofie"]
[Black "Sulitka, Oldrich"]
[Result "0-1"]
[WhiteElo "1250"]
[BlackElo "1585"]
[PlyCount "90"]
[EventDate "2011.08.??"]
[EventType "swiss"]
[EventRounds "9"]
[EventCountry "CZE"]

{C50: Italská hra} 1. e4 {[%emt 0:00:00]} e5 2. Nf3 Nc6 3. d4 exd4 4. Nxd4 Bc5
5. Be3 Qf6 6. c3 Nge7 7. Be2 d5 8. b4 Bd6 9. Bf3 Be6 10. Nxc6 bxc6 11. O-O Rd8
12. exd5 Bf5 13. Bd4 Qh6 14. g3 cxd5 15. Re1 O-O 16. Bxa7 c6 17. Bc5 Ng6 18.
Qd2 Qh3 19. Bg2 Qh5 20. Bxd6 Rxd6 21. Qd4 Qg5 22. Nd2 h5 23. Nf3 Qh6 24. Ne5
Nxe5 25. Qxe5 Bg4 26. Qf4 Qg6 27. h4 Rf6 28. Qg5 Qc2 29. Rf1 Qxc3 30. Rac1 Qxb4
31. f3 Rg6 32. Qe5 Be6 33. Qc3 Qd6 34. Qxc6 Qxg3 35. Rf2 Qxh4 36. a4 Rc8 37.
Qxc8+ Bxc8 38. Rxc8+ Kh7 39. a5 Qg5 40. Ra8 Qc1+ 41. Kh2 Qa3 42. f4 h4 43. Bxd5
Qg3+ 44. Kh1 Qh3+ 45. Rh2 Qf1# 0-1

[Event "Jiraskuv memorial B"]
[Site "Rakovnik"]
[Date "2011.08.11"]
[Round "7"]
[White "Sebek, Pavel"]
[Black "Pucholt, Martin"]
[Result "0-1"]
[WhiteElo "1679"]
[BlackElo "1428"]
[PlyCount "54"]
[EventDate "2011.08.??"]
[EventType "swiss"]
[EventRounds "9"]
[EventCountry "CZE"]

{C50: Italská hra} 1. e4 {[%emt 0:00:00]} e5 2. Nf3 Nf6 3. d3 Nc6 4. Nc3 h6 5.
Be2 a6 6. Be3 Ng4 7. O-O Nxe3 8. fxe3 Bc5 9. d4 exd4 10. exd4 Ba7 11. Kh1 d6
12. h3 Bd7 13. d5 Ne7 14. e5 O-O 15. Bc4 Kh8 16. Qe2 Nf5 17. Kh2 dxe5 18. Bd3
f6 19. Qe4 g6 20. g4 Be3 21. gxf5 Bf4+ 22. Kh1 Bxf5 23. Qe2 Bxh3 24. Rg1 Bf5
25. Be4 Qd7 26. Nh4 Bxe4+ 27. Nxe4 Qh3+ 0-1

[Event "Jiraskuv memorial B"]
[Site "Rakovnik"]
[Date "2011.08.11"]
[Round "7"]
[White "Masek, Jan"]
[Black "Mitosinka, Boris"]
[Result "0-1"]
[WhiteElo "1670"]
[BlackElo "1518"]
[PlyCount "76"]
[EventDate "2011.08.??"]
[EventType "swiss"]
[EventRounds "9"]
[EventCountry "CZE"]

{C50: Italská hra} 1. e4 e6 2. d4 d5 3. exd5 exd5 4. Nf3 Bd6 5. Be2 Ne7 6. Bg5
f6 7. Bh4 c6 8. Bg3 O-O 9. Nbd2 Re8 10. O-O Bxg3 11. fxg3 Bf5 12. Nh4 Bg6 13.
Nxg6 Nxg6 14. Bd3 Nf8 15. Qh5 Nbd7 16. Rae1 Re7 17. Rxe7 Qxe7 18. Nf3 g6 19.
Qg4 Re8 20. Re1 Qf7 21. Rxe8 Qxe8 22. Kf2 Kf7 23. c3 Ne6 24. Qh4 Ndf8 25. a4 a6
26. b4 Qe7 27. g4 Nf4 28. Bf1 g5 29. Qh6 Qe4 30. Ne1 Qb1 31. g3 Qb2+ 32. Kg1
N4g6 33. h4 Qxc3 34. hxg5 Qxg3+ 35. Ng2 Qxg4 36. gxf6 Qxd4+ 37. Kh1 Qxf6 38.
Qe3 Qxf1+ 0-1

[Event "Jiraskuv memorial B"]
[Site "Rakovnik"]
[Date "2011.08.11"]
[Round "7"]
[White "Rerabkova, Eliska"]
[Black "Georgiev, Lukas"]
[Result "1-0"]
[WhiteElo "1250"]
[BlackElo "1607"]
[PlyCount "81"]
[EventDate "2011.08.??"]
[EventType "swiss"]
[EventRounds "9"]
[EventCountry "CZE"]

{C50: Italská hra} 1. e4 c5 2. Nf3 d6 3. d4 cxd4 4. Nxd4 Nf6 5. Nc3 a6 6. Be3
e6 7. Be2 Be7 8. O-O O-O 9. Qd2 Qc7 10. Rad1 Nc6 11. f4 e5 12. Nf5 Bxf5 13.
exf5 Rfd8 14. Nd5 Nxd5 15. Qxd5 Nb4 16. Qf3 Qxc2 17. Rd2 e4 18. Qg3 Qc6 19. Bd4
f6 20. Qb3+ d5 21. a3 Nd3 22. Bxd3 exd3 23. Bb6 Bc5+ 24. Bxc5 Qxc5+ 25. Kh1 Rd7
26. Rxd3 Kf8 27. Rh3 h6 28. Qg3 d4 29. Qg6 Kg8 30. Rxh6 Qf8 31. Rf3 Re8 32. h3
Re1+ 33. Kh2 Qf7 34. Qg4 d3 35. Qh4 gxh6 36. Qxe1 d2 37. Qd1 Qd5 38. Rf2 Qd4
39. Re2 Qxb2 40. Re8+ Kg7 41. Qg4+ 1-0

[Event "Jiraskuv memorial B"]
[Site "Rakovnik"]
[Date "2011.08.11"]
[Round "7"]
[White "Ruzicka, Vaclav"]
[Black "Koblic, Miroslav"]
[Result "1-0"]
[WhiteElo "1703"]
[BlackElo "1698"]
[PlyCount "107"]
[EventDate "2011.08.??"]
[EventType "swiss"]
[EventRounds "9"]
[EventCountry "CZE"]
[TimeControl "180"]

{24MB, Fritz8.ctg, sach1} 1. e4 c6 2. d4 d5 3. Nd2 e6 4. Ngf3 Bb4 5. c3 Ba5 6.
Bd3 dxe4 7. Nxe4 f5 8. Bg5 Qd5 9. Ned2 Bd8 10. Bf4 Nf6 11. c4 Qd7 12. c5 O-O
13. Bd6 Be7 14. Ne5 Qd8 15. Ndc4 b5 16. Bxe7 Qxe7 17. Nd6 Ne8 18. Nxc8 Qc7 19.
Nd6 Nxd6 20. cxd6 Qxd6 21. Nf3 Nd7 22. O-O Rf6 23. Re1 Rh6 24. h3 Rf8 25. Bf1
Rff6 26. Ne5 Qc7 27. f4 Nb8 28. Rc1 Qd6 29. Rc3 a5 30. a3 Rf8 31. Be2 Rc8 32.
Bxb5 Qe7 33. Bxc6 g5 34. fxg5 Qxg5 35. Qf3 Qf6 36. d5 Rd8 37. dxe6 Qxe6 38.
Qg3+ Kf8 39. Nd7+ Nxd7 40. Rxe6 Rxe6 41. Qd3 Re1+ 42. Kh2 Ke7 43. Qd2 Re5 44.
Re3 Rxe3 45. Qxe3+ Kf7 46. Qb3+ Ke7 47. Qb7 h6 48. Qc7 h5 49. Bxd7 Rxd7 50.
Qxa5 Kf6 51. Qc3+ Ke6 52. a4 Ra7 53. a5 Kd5 54. b4 1-0

[Event "Jiraskuv memorial B"]
[Site "Rakovnik"]
[Date "2011.08.12"]
[Round "8"]
[White "Mitosinka, Boris"]
[Black "Zika, Vaclav"]
[Result "0-1"]
[WhiteElo "1518"]
[BlackElo "1748"]
[PlyCount "54"]
[EventDate "2011.08.??"]
[EventType "swiss"]
[EventRounds "9"]
[EventCountry "CZE"]

1. Nf3 Nf6 2. c4 g6 3. Nc3 Bg7 4. d4 O-O 5. e4 d6 6. Be2 e5 7. d5 Nbd7 8. O-O
a5 9. Bg5 h6 10. Bc1 Nc5 11. Nd2 Re8 12. Qc2 Bd7 13. Nb3 b6 14. Nxc5 bxc5 15.
f4 exf4 16. Bxf4 Ng4 17. Bxg4 Bxg4 18. h3 Bd7 19. Rae1 Qh4 20. Kh2 Qh5 21. Ne2
g5 22. Ng3 Qh4 23. Be3 Be5 24. Bf2 g4 25. Qe2 gxh3 26. Qh5 Bxg3+ 27. Kg1 Bxf2+
0-1

[Event "Jiraskuv memorial B"]
[Site "Rakovnik"]
[Date "2011.08.12"]
[Round "8"]
[White "Koblic, Miroslav"]
[Black "Rerabkova, Eliska"]
[Result "0-1"]
[WhiteElo "1698"]
[BlackElo "1250"]
[PlyCount "102"]
[EventDate "2011.08.??"]
[EventType "swiss"]
[EventRounds "9"]
[EventCountry "CZE"]

1. f4 c5 2. Nf3 Nc6 3. e3 Nf6 4. d4 cxd4 5. exd4 e6 6. c3 Bd6 7. Bd3 O-O 8. O-O
Qb6 9. Qe2 Re8 10. Be3 Nd5 11. Bc1 Bxf4 12. Ne5 Bxe5 13. Bxh7+ Kf8 14. Bg6 Nf6
15. Bxf7 Kxf7 16. Qh5+ Ke7 17. Qg6 Kd8 18. Qxg7 Nxd4 19. cxd4 Qxd4+ 20. Kh1 Ng4
21. Bg5+ Kc7 22. Qf7 Rg8 23. Nc3 Qb6 24. Rac1 Kb8 25. Bf4 Bxf4 26. Qxf4+ Qc7
27. Qxc7+ Kxc7 28. Nb5+ Kd8 29. h3 Ne3 30. Rf2 a6 31. Nd6 b5 32. Re1 Nc4 33.
Ne4 Bb7 34. Nc5 Bd5 35. b3 Nb6 36. Rd2 Rc8 37. Nxe6+ dxe6 38. Rxe6 Rxg2 39.
Rxd5+ Nxd5 40. Kxg2 Nf4+ 41. Kg3 Nxe6 42. h4 Ng7 43. Kg4 Rc2 44. Kg5 Ke7 45.
Kg6 Kf8 46. h5 Nxh5 47. Kxh5 Rxa2 48. Kg5 Rb2 49. Kf5 Rxb3 50. Ke5 a5 51. Kd4
a4 0-1

[Event "Jiraskuv memorial B"]
[Site "Rakovnik"]
[Date "2011.08.12"]
[Round "8"]
[White "Pucholt, Martin"]
[Black "Veselsky, Jan"]
[Result "1/2-1/2"]
[WhiteElo "1428"]
[BlackElo "1650"]
[PlyCount "82"]
[EventDate "2011.08.??"]
[EventType "swiss"]
[EventRounds "9"]
[EventCountry "CZE"]

1. e4 c6 2. d4 d5 3. Nc3 dxe4 4. Nxe4 Bf5 5. Ng3 Bg6 6. Nf3 Nd7 7. Bd3 Bxd3 8.
Qxd3 Ngf6 9. O-O e6 10. Re1 Bd6 11. Nf5 Bf8 12. Bf4 Nb6 13. Re2 Nbd5 14. Bd2 g6
15. Ng3 Bg7 16. c3 O-O 17. Ne5 Nd7 18. Nxd7 Qxd7 19. Qc2 Rac8 20. Qc1 Rfe8 21.
Bh6 Bh8 22. Qd2 Nf6 23. Rae1 Ng4 24. Bf4 Red8 25. h3 Nf6 26. Be5 c5 27. Qg5 Nd5
28. Bxh8 Kxh8 29. Ne4 cxd4 30. cxd4 Qa4 31. Qe5+ Kg8 32. b3 Qc6 33. Rd1 Qc7 34.
Nf6+ Nxf6 35. Qxf6 Rd5 36. Red2 Rf5 37. Qh4 Rd8 38. Qg4 Rdd5 39. Qe2 Rg5 40. g3
Qd7 41. h4 Rgf5 1/2-1/2

[Event "Jiraskuv memorial B"]
[Site "Rakovnik"]
[Date "2011.08.12"]
[Round "8"]
[White "Hejda, Vaclav"]
[Black "Hajsman, Martin"]
[Result "1-0"]
[WhiteElo "1825"]
[BlackElo "1699"]
[PlyCount "81"]
[EventDate "2011.08.??"]
[EventType "swiss"]
[EventRounds "9"]
[EventCountry "CZE"]

1. e4 e6 2. d4 d5 3. exd5 exd5 4. Nf3 Bd6 5. Bd3 Nf6 6. Bg5 O-O 7. O-O Bg4 8.
Nbd2 Nbd7 9. h3 Bh5 10. c3 c6 11. Qc2 Qc7 12. Rae1 Rae8 13. Nh4 Bf4 14. Bxf4
Qxf4 15. Nhf3 Bg6 16. Bxg6 fxg6 17. Rxe8 Rxe8 18. Re1 Rxe1+ 19. Nxe1 Qd6 20.
Nd3 Qe7 21. Nf3 Qe4 22. Kf1 Nh5 23. Qe2 Qxe2+ 24. Kxe2 Nhf6 25. Nfe5 Kf8 26.
Nxd7+ Nxd7 27. Ne5 Ke7 28. f4 Nf6 29. Nd3 Nd7 30. g4 Ke6 31. Kf3 Kf6 32. h4 Ke6
33. Ne5 Nf8 34. g5 Kf5 35. Nf7 b6 36. Nd8 c5 37. Nc6 a6 38. dxc5 bxc5 39. b4
Nd7 40. bxc5 Nxc5 41. Nd4# 1-0

[Event "Jiraskuv memorial B"]
[Site "Rakovnik"]
[Date "2011.08.12"]
[Round "8"]
[White "Cerny, Michal"]
[Black "Hajsman, Ladislav"]
[Result "1/2-1/2"]
[WhiteElo "1790"]
[BlackElo "1831"]
[PlyCount "78"]
[EventDate "2011.08.??"]
[EventType "swiss"]
[EventRounds "9"]
[EventCountry "CZE"]

1. e4 c5 2. Nf3 d6 3. d4 cxd4 4. Nxd4 Nf6 5. Nc3 Nc6 6. Bg5 e6 7. Qd2 a6 8. f4
Be7 9. O-O-O Bd7 10. Be2 Qc7 11. g4 O-O-O 12. f5 Nxd4 13. Qxd4 Qc5 14. Qxc5+
dxc5 15. e5 Nd5 16. Ne4 f6 17. exf6 gxf6 18. fxe6 Bxe6 19. Bh4 Rhf8 20. h3 Nf4
21. Bf3 Bd5 22. Bf2 b6 23. Be3 Bxe4 24. Bxe4 Ne2+ 25. Kb1 Ng3 26. Bf5+ Nxf5 27.
gxf5 Rg8 28. Bf4 Rg2 29. Be3 Rg3 30. Rde1 Rf3 31. Rhf1 Rxh3 32. Bd4 Rxd4 33.
Rxe7 Rdh4 34. b3 Rh1 35. Rxh1 Rxh1+ 36. Kb2 Rf1 37. Rxh7 Rxf5 38. Rf7 Rf1 39.
a4 f5 1/2-1/2

[Event "Jiraskuv memorial B"]
[Site "Rakovnik"]
[Date "2011.08.12"]
[Round "8"]
[White "Cernouskova, Alena"]
[Black "Ruzicka, Vaclav"]
[Result "0-1"]
[WhiteElo "1702"]
[BlackElo "1703"]
[PlyCount "112"]
[EventDate "2011.08.??"]
[EventType "swiss"]
[EventRounds "9"]
[EventCountry "CZE"]

1. d4 Nf6 2. g3 e6 3. Bg2 c6 4. Nf3 d5 5. O-O Nbd7 6. b3 b5 7. Bb2 Bd6 8. Nbd2
O-O 9. c4 bxc4 10. bxc4 Qc7 11. Qc2 Bb4 12. cxd5 exd5 13. Rac1 Bxd2 14. Nxd2
Bb7 15. e4 Nb6 16. e5 Ng4 17. h3 Nh6 18. Rfe1 Rfe8 19. a4 a5 20. Ba3 Qd7 21.
Bc5 Nc8 22. Nf3 Nf5 23. g4 Nfe7 24. Nh4 Ng6 25. Nf5 Nf4 26. Bf1 Re6 27. Qd2 Ng6
28. Bd3 Ba6 29. Bc2 Re8 30. Qg5 Qd8 31. Qe3 Nf8 32. Kh2 Ne6 33. Ba3 Qg5 34.
Qxg5 Nxg5 35. Kg3 g6 36. Nh4 Ne6 37. Nf3 Nb6 38. Rb1 Nc4 39. Bc1 Rab8 40. Bh6
Na3 41. Rxb8 Rxb8 42. Rc1 Nxc2 43. Rxc2 Bc4 44. Be3 Rb4 45. Bd2 Rxa4 46. Rb2
Bb5 47. Bc3 Ra3 48. Rc2 a4 49. h4 h6 50. Kh2 Nf4 51. Ng1 Bc4 52. Bd2 Ne6 53.
Be3 Kg7 54. Ne2 Ra1 55. Nc1 a3 56. Rc3 a2 0-1

[Event "Jiraskuv memorial B"]
[Site "Rakovnik"]
[Date "2011.08.12"]
[Round "8"]
[White "Bauer, Ondrej"]
[Black "Folbr, Martin"]
[Result "1-0"]
[WhiteElo "1457"]
[BlackElo "1353"]
[PlyCount "65"]
[EventDate "2011.08.??"]
[EventType "swiss"]
[EventRounds "9"]
[EventCountry "CZE"]
[TimeControl "180"]

{24MB, Fritz8.ctg, sach1} 1. d4 {[%emt 0:00:00]} d5 2. c4 e6 3. Nc3 Nf6 4. Bg5
Be7 5. Bxf6 Bxf6 6. e3 O-O 7. Nf3 Nc6 8. cxd5 exd5 9. Bd3 Ne7 10. Qc2 g6 11. h4
Bf5 12. Bxf5 Nxf5 13. h5 Kg7 14. g4 Nh6 15. Rg1 Bg5 16. Qb3 Qf6 17. Qxd5 Bxe3
18. fxe3 Rae8 19. Kd2 Qb6 20. Qb5 Qd6 21. Rae1 f5 22. hxg6 fxg4 23. gxh7 Kxh7
24. Ne5 Rf5 25. Kc2 b6 26. Qxe8 Rf2+ 27. Re2 Rxe2+ 28. Nxe2 Qf6 29. Nf4 Qf5+
30. Kd2 Qe4 31. Qe7+ Kg8 32. Nfg6 Qf5 33. Qe8+ 1-0

[Event "Jiraskuv memorial B"]
[Site "Rakovnik"]
[Date "2011.08.12"]
[Round "8"]
[White "Sulitka, Oldrich"]
[Black "Vankova, Veronika"]
[Result "0-1"]
[WhiteElo "1585"]
[BlackElo "1279"]
[PlyCount "64"]
[EventDate "2011.08.??"]
[EventType "swiss"]
[EventRounds "9"]
[EventCountry "CZE"]
[TimeControl "180"]

{24MB, Fritz8.ctg, sach1} 1. d4 {[%emt 0:00:00]} e6 2. c4 Nf6 3. Bg5 Be7 4. Nf3
d5 5. e3 Ne4 6. Bxe7 Qxe7 7. c5 O-O 8. Bd3 Ng5 9. Nbd2 Qf6 10. Nxg5 Qxg5 11.
O-O f6 12. Nf3 Qh6 13. Re1 Nc6 14. e4 Re8 15. exd5 Nb4 16. Bc4 Qg6 17. Rc1 Nxd5
18. Bd3 Qg4 19. Re4 Qh5 20. Rh4 Qf7 21. Bxh7+ Kf8 22. Qd3 f5 23. Ne5 Qf6 24.
Qg3 Ke7 25. Bg6 Rf8 26. Rh7 Rg8 27. Bf7 Rf8 28. Rxg7 Qh6 29. Rf1 Nf4 30. Re1
Ne2+ 31. Kf1 Nxg3+ 32. fxg3 Qxg7 0-1

[Event "Jiraskuv memorial B"]
[Site "Rakovnik"]
[Date "2011.08.12"]
[Round "8"]
[White "Pokorny, Tomas"]
[Black "Masek, Jan"]
[Result "1-0"]
[WhiteElo "1703"]
[BlackElo "1670"]
[PlyCount "34"]
[EventDate "2011.08.??"]
[EventType "swiss"]
[EventRounds "9"]
[EventCountry "CZE"]

{C50: Italská hra} 1. d4 {[%emt 0:00:00]} Nf6 2. Bg5 h6 3. Bxf6 exf6 4. e3 d5
5. c4 b6 6. cxd5 Qxd5 7. Nc3 Qa5 8. Bd3 Bb4 9. Nge2 Bb7 10. O-O O-O 11. Nb5 Bd6
12. a3 Nd7 13. b4 Bxb4 14. axb4 Qxb4 15. Qb1 Qxb1 16. Rfxb1 Rfc8 17. Nxa7 g6
1-0

[Event "Jiraskuv memorial B"]
[Site "Rakovnik"]
[Date "2011.08.12"]
[Round "8"]
[White "Pribyl, Viktor"]
[Black "Sebek, Pavel"]
[Result "1/2-1/2"]
[WhiteElo "1250"]
[BlackElo "1679"]
[PlyCount "24"]
[EventDate "2011.08.??"]
[EventType "swiss"]
[EventRounds "9"]
[EventCountry "CZE"]
[TimeControl "40/7200:20/3600:1800"]

{16MB, Fritz8.ctg, SACHY-67D9C7985} 1. d4 {[%emt 0:00:00]} Nf6 2. c4 c5 3. d5
d6 4. Nc3 g6 5. e4 Nbd7 6. Bg5 Bg7 7. Nf3 h6 8. Bh4 O-O 9. Be2 Ng4 10. a3 a6
11. b4 Bxc3+ 12. Nd2 Bxa1 1/2-1/2

[Event "Jiraskuv memorial B"]
[Site "Rakovnik"]
[Date "2011.08.12"]
[Round "8"]
[White "Zacek, Petr"]
[Black "Jesensky, Jaromir"]
[Result "1/2-1/2"]
[WhiteElo "1608"]
[BlackElo "1553"]
[PlyCount "39"]
[EventDate "2011.08.??"]
[EventType "swiss"]
[EventRounds "9"]
[EventCountry "CZE"]
[TimeControl "40/7200:20/3600:1800"]

{16MB, Fritz8.ctg, SACHY-67D9C7985} 1. e4 {[%emt 0:00:00]} e5 {[%emt 0:00:01]}
2. Nf3 Nc6 3. d4 exd4 4. Nxd4 Bc5 5. Be3 Qf6 6. c3 d6 7. Bc4 Nge7 8. O-O Ne5 9.
Be2 O-O 10. Nb5 Bxe3 11. fxe3 Qg5 12. Nd2 Bh3 13. Rf2 c6 14. Nd4 Rad8 15. N2f3
Nxf3+ 16. Bxf3 Be6 17. Qe2 Ng6 18. Nb3 Ne5 19. Nd4 Nxf3+ 20. Nxf3 1/2-1/2

[Event "Jiraskuv memorial B"]
[Site "Rakovnik"]
[Date "2011.08.12"]
[Round "8"]
[White "Georgiev, Lukas"]
[Black "Pribylova, Sofie"]
[Result "1-0"]
[WhiteElo "1607"]
[BlackElo "1250"]
[PlyCount "59"]
[EventDate "2011.08.??"]
[EventType "swiss"]
[EventRounds "9"]
[EventCountry "CZE"]
[TimeControl "40/7200:20/3600:1800"]

{16MB, Fritz8.ctg, SACHY-67D9C7985} 1. e4 e5 2. f4 exf4 3. Nf3 Nc6 4. d4 Nf6 5.
d5 Nb8 6. e5 Ng8 7. Bxf4 d6 8. Nc3 dxe5 9. Nxe5 Bd6 10. Bb5+ Bd7 11. O-O Nf6
12. Qf3 O-O 13. Rae1 Bxb5 14. Nxb5 Nbd7 15. Nxd6 cxd6 16. Nc4 Rc8 17. b3 Rc5
18. Bxd6 Rxc4 19. bxc4 Re8 20. Rxe8+ Qxe8 21. Bg3 Ne5 22. Bxe5 Qxe5 23. Qf4
Qxf4 24. Rxf4 Kf8 25. Kf2 Ke7 26. Ke3 g5 27. Rf5 h6 28. Kd4 Nd7 29. c5 f6 30.
a4 1-0